|
|
|
|
| LEADER |
00895cam a2200241 7i4500 |
| 001 |
0000034903 |
| 005 |
20191009090000.0 |
| 020 |
|
|
|a 0849337739 (hbk.)
|
| 020 |
|
|
|a 9780849337734 (hbk.)
|
| 090 |
0 |
0 |
|a TK7870
|b .N76 2005
|
| 100 |
1 |
|
|a Northrop, Robert B
|
| 245 |
1 |
0 |
|a Introduction to instrumentation and measurements
|c Robert B. Northrop.
|
| 250 |
|
|
|a 2nd ed.
|
| 260 |
|
|
|a Boca Raton:
|b Taylor & Francis,
|c 2005.
|
| 300 |
|
|
|a 743 p.:
|b ill.;
|c 26 cm.
|
| 650 |
0 |
0 |
|a Electronic instruments
|
| 650 |
0 |
0 |
|a Electronic measurements
|
| 997 |
|
|
|a Engineering & Life Sciences, Faculty
|b Engineering, Department
|
| 998 |
|
|
|a Mechatronics Engineering, Degree
|
| 998 |
|
|
|a Mechatronic Engineering, Diploma
|
| 999 |
|
|
|a 0000017079
|b BOK
|c OPEN SHELF
|e 2nd Floor, Bestari Jaya
|
| 999 |
|
|
|a 0000017195
|b BOK
|c OPEN SHELF
|e 2nd Floor, Bestari Jaya
|
| 999 |
|
|
|a 0000020370
|b BOK
|c OPEN SHELF
|e 2nd Floor, Bestari Jaya
|